00503nam a22001697a 4500003000400000020001800004082001800022100002000040245005100060260003800111300000700149700001600156700002100172942001200193952011100205999001700316SGT a9786208427221 a617.645bD25G aGogne, Minakshi aDental Neglect in Children bAn Obscure Enigma bLambert Academic Publishingc2025 a70 aGupta, Anil aShekhar, Shrehya 2ddccBK 00102ddc405171aFDbFDd2025-04-23iSGTUl0o617.645 D25GpFD9697r2025-04-23 00:00:00w2025-04-23yBK c30935d30935